| 000 | 01581cam a2200253 a 4500 | ||
|---|---|---|---|
| 020 | _a1586484931 (hardcover) | ||
| 020 | _a9781586484934 (hardcover) | ||
| 082 | 0 | 0 |
_a330.7 _bMUH _cN-01, P-184 |
| 100 | 1 |
_aYunus, Muhammad, _937835 |
|
| 245 | 1 | 0 |
_aCreating a world without poverty : _bsocial business and the future of capitalism / _cMuhammad Yunus with Karl Weber. |
| 260 |
_aNew York : _bPublicAffairs, _cc2007. |
||
| 300 |
_axvii, 261 p. : _bill. ; _c25 cm. |
||
| 500 | _aIncludes index. | ||
| 505 | 0 | _aPrologue : starting with a handshake -- The promise of social business -- A new kind of business -- Social business : what it is and what it is not -- The Grameen experiment -- The microcredit revolution -- From microcredit to social business -- The battle against poverty : Bangladesh and beyond -- God is in the details -- One cup of yogurt a a time -- A world without poverty -- Broadening the marketplace -- Information technology, globalization, and a transformed world -- Hazards of prosperity -- Putting poverty in museums -- Epilogue: "Poverty is a threat to peace"--the nobel prize lecture. | |
| 526 |
_a0 _b0 _c0 _d330_700000000000000_MUH |
||
| 650 | 0 |
_aIndustries _xSocial aspects. _93611 |
|
| 650 | 0 |
_aPoverty _xPrevention. _937836 |
|
| 650 | 0 | _aSocial responsibility of business. | |
| 700 | 1 |
_aWeber, Karl, _937837 |
|
| 856 | 4 | 1 | _uhttp://www.loc.gov/catdir/toc/ecip0725/2007034545.html |
| 856 | 4 | 2 | _uhttp://www.loc.gov/catdir/enhancements/fy0828/2007034545-b.html |
| 856 | 4 | 2 | _uhttp://www.loc.gov/catdir/enhancements/fy0828/2007034545-d.html |
| 942 |
_2ddc _cBK |
||
| 999 |
_c542601 _d542601 |
||